| 000 | 00759cas a22002055a 4500 | ||
|---|---|---|---|
| 001 | L139766 | ||
| 008 | 070807d19381945xxkqr p 0 a0eng u | ||
| 035 | _a(Sirsi) u139766 | ||
| 041 | 0 | _aeng | |
| 110 | 2 |
_aChartered Surveyors' Institution _92274 |
|
| 245 | 0 | 4 |
_aThe Journal of the Chartered Surveyors' Institution _bScottish Supplement |
| 260 |
_aLondon _bChartered Surveyors' Institution _c1938-1945 |
||
| 362 | 0 | _aLondon: 1(1) January 1938-8(4) October 1945 | |
| 362 | 0 | _aEdinburgh: 1(1) January 1938-8(4) October 1945 | |
| 554 | _aFour per year | ||
| 651 | 4 |
_aScotland _y1999- |
|
| 690 | _aMANAGEMENT-BUSINESS MANAGEMENT-PROFESSIONAL PRACTICE | ||
| 785 | 0 | 0 |
_tJournal of the Royal Institution of Chartered Surveyors _bScottish Supplement |
| 942 | _n0 | ||
| 999 |
_c119122 _d119122 |
||